A client guide to construction appraisal and evaluation (Record no. 110955)

MARC details
000 -LEADER
fixed length control field 00937cad a22001935a 4500
001 - CONTROL NUMBER
control field E150715
008 - FIXED-LENGTH DATA ELEMENTS--GENERAL INFORMATION
fixed length control field 100823s2009 xxk f 000 0 eng d
035 ## - SYSTEM CONTROL NUMBER
System control number (Sirsi) u150715
041 0# - LANGUAGE CODE
Language code of text/sound track or separate title eng
110 2# - MAIN ENTRY--CORPORATE NAME
Corporate name or jurisdiction name as entry element United Kingdom
Subordinate unit Office of Government Commerce
9 (RLIN) 5119
245 02 - TITLE STATEMENT
Title A client guide to construction appraisal and evaluation
Medium [electronic resource]
260 ## - PUBLICATION, DISTRIBUTION, ETC.
Place of publication, distribution, etc. [London]
Name of publisher, distributor, etc. OGC
Date of publication, distribution, etc. [2009]
520 ## - SUMMARY, ETC.
Summary, etc. Offers advice to central government departments and agencies on applying the Treasury's "Green Book" Guidance on appraisal and evaluation of construction policies, programmes, or projects.
590 ## - LOCAL NOTE (RLIN)
Local note KA
651 #4 - SUBJECT ADDED ENTRY--GEOGRAPHIC NAME
Geographic name England
Chronological subdivision 886-
690 ## - LOCAL SUBJECT ADDED ENTRY--TOPICAL TERM (OCLC, RLIN)
Topical term or geographic name as entry element BUILT ENVIRONMENT-CONSTRUCTION MANAGEMENT
856 40 - ELECTRONIC LOCATION AND ACCESS
Uniform Resource Identifier <a href="https://webarchive.nationalarchives.gov.uk/20100503135839/http://www.ogc.gov.uk/documents/commodities_database/Client_Guide_to_Construction_Appraisal__Evaluation.pdf">https://webarchive.nationalarchives.gov.uk/20100503135839/http://www.ogc.gov.uk/documents/commodities_database/Client_Guide_to_Construction_Appraisal__Evaluation.pdf</a>
Public note View the report free of charge online...
942 ## - ADDED ENTRY ELEMENTS (KOHA)
Suppress in OPAC 0
Holdings
Withdrawn status Lost status Source of classification or shelving scheme Damaged status Not for loan Home library Current library Shelving location Date acquired Total Checkouts Full call number Barcode Date last seen Copy number Price effective from Koha item type
    Dewey Decimal Classification     Virtual Virtual Online 23/08/2010   ONLINE PUBLICATION 150715-2001 06/08/2019 1 06/08/2019 Book